16/32 -Bit Microprocessors : (Record no. 176059)
[ view plain ]
| 000 -LEADER | |
|---|---|
| fixed length control field | 01421 a2200205 4500 |
| 003 - CONTROL NUMBER IDENTIFIER | |
| control field | Nust |
| 005 - DATE AND TIME OF LATEST TRANSACTION | |
| control field | 20230515130203.0 |
| 010 ## - LIBRARY OF CONGRESS CONTROL NUMBER | |
| LC control number | 90060538 |
| 020 ## - INTERNATIONAL STANDARD BOOK NUMBER | |
| International Standard Book Number | 0675211190 |
| 040 ## - CATALOGING SOURCE | |
| Transcribing agency | Nust |
| 082 00 - DEWEY DECIMAL CLASSIFICATION NUMBER | |
| Classification number | 001.165,SUB |
| 100 1# - MAIN ENTRY--PERSONAL NAME | |
| Personal name | Subbarao, Wunnava V. |
| 9 (RLIN) | 112309 |
| 245 10 - TITLE STATEMENT | |
| Title | 16/32 -Bit Microprocessors : |
| Remainder of title | 68000/68010/68020 software, hardware, and design applications / |
| Statement of responsibility, etc. | Wunnava V. Subbarao. |
| 260 ## - PUBLICATION, DISTRIBUTION, ETC. | |
| Place of publication, distribution, etc. | New York : |
| Name of publisher, distributor, etc. | Merrill, |
| Date of publication, distribution, etc. | c1991. |
| 300 ## - PHYSICAL DESCRIPTION | |
| Extent | xx, 454 p. : |
| Other physical details | ill. ; |
| Dimensions | 25 cm. |
| 440 #0 - SERIES STATEMENT/ADDED ENTRY--TITLE | |
| Title | Merrill's international series in electrical and electronics technology |
| 9 (RLIN) | 103325 |
| 505 ## - FORMATTED CONTENTS NOTE | |
| Formatted contents note | The 68000 Family of Microprocessors and Architecture (Page-1), The 68000 Memory Organization Schemes, Data Structure, and Addressing Modes (Page-19), The 68000 Instruction Set and Programming Considerations (Page-44), 68000 Software Considerations and Assembly Programming Applications (Page-87), 68000 Exception Processing Considerations (Page-121), 68000 Hardware Considerations and Design Applications (Page-148), The 68000 Parallel Interface and Applications (Page-180), The 68000 Serial Interface and Applications (Page-209), The 68000 interrupt and DMA interface and Applications (Page-236), 68010 and 68012 Architecture, Organization, and Applications (Page-278), 68020 and 68030 Architecture, Organization, and Applications (Page-306). |
| 650 #0 - SUBJECT ADDED ENTRY--TOPICAL TERM | |
| Topical term or geographic name entry element | Motorola 68000 series microprocessors. |
| 9 (RLIN) | 105873 |
| 942 ## - ADDED ENTRY ELEMENTS (KOHA) | |
| Source of classification or shelving scheme | |
| Koha item type | Book Bank |
| Withdrawn status | Lost status | Source of classification or shelving scheme | Damaged status | Not for loan | Permanent Location | Current Location | Shelving location | Date acquired | Full call number | Barcode | Date last seen | Price effective from | Koha item type | Public note |
|---|---|---|---|---|---|---|---|---|---|---|---|---|---|---|
| Military College of Signals (MCS) | Military College of Signals (MCS) | General Stacks | 12/12/2016 | 001.165,SUB | MCS407 | 12/08/2016 | 12/12/2016 | Book | Almirah No.79, Shelf No.1 |
